Skutečné zločiny na Plzeňsku 3 /
Emeritní kapitán plzeňské kriminálky František Müller znovu otevírá osobní archiv a dává nahlédnout do momentů, v nichž zdánlivé detaily nabývají zásadních významů a kdy intuice zkušeného kriminalisty rozhoduje více než složka plná důkazů. Jak vypadá použití nástražného výbušného systému v praxi? Co...
Uloženo v:
| Hlavní autor: | |
|---|---|
| Médium: | E-kniha |
| Jazyk: | Czech |
| Vydáno: |
Praha :
Albatros Media a.s.,
2026
|
| Tagy: |
Žádné tagy |
| LEADER | 01562nam a22002297i 4500 | ||
|---|---|---|---|
| 001 | 312927 | ||
| 007 | ta | ||
| 008 | 260601s2026 xr ||||| |||| 00| 0 cze d | ||
| 020 | |a 9788074486227 | ||
| 044 | |a xr | ||
| 100 | 1 | |a Müller, František |4 aut | |
| 245 | 1 | 0 | |a Skutečné zločiny na Plzeňsku 3 / |c Müller, František |
| 264 | 1 | |a Praha : |b Albatros Media a.s., |c 2026 | |
| 300 | |a 1 online zdroj (248 stran) | ||
| 336 | |a text |b txt |2 rdacontent | ||
| 337 | |a bez média |b n |2 rdamedia | ||
| 338 | |a online zdroj |b cr |2 rdacarrier | ||
| 520 | 2 | |a Emeritní kapitán plzeňské kriminálky František Müller znovu otevírá osobní archiv a dává nahlédnout do momentů, v nichž zdánlivé detaily nabývají zásadních významů a kdy intuice zkušeného kriminalisty rozhoduje více než složka plná důkazů. Jak vypadá použití nástražného výbušného systému v praxi? Co vedlo ke znovuotevření případu tvářícího se jako sebevražda? Kam až může kriminalista zajít, aby prakticky bez jediné stopy usvědčil vraha? Na to vám odpoví třetí kniha ze zákulisí skutečné policejní práce. | |
| 910 | |a RBIT002 | ||
| 998 | |d 425269 |a https://core.palmknihy.cz/api/books/425269/cover?tbemci |b https://core.palmknihy.cz/api/books/425269/cover/400?tbemci |c https://core.palmknihy.cz/api/books/425269/cover/50?tbemci |e 2035-12-31 |g 248 |i 9788074486227 |j https://core.palmknihy.cz/api/books/425269/preview.epub |k https://core.palmknihy.cz/api/books/425269/preview.pdf |l |q 49 |r 1 |s https://www.palmknihy.cz/kniha/425269 |t ebook |y 2026 |z 1 | ||
| 999 | |d 312925 | ||